=LDR 00000nam 2200000 4500 =001 INLIS000000000007241 =005 20200811081040 =035 ##$$a 0010-061300000007241 =008 200811################g##########0#ind## =041 ##$$a Ind =082 ##$$a 2x0.32 =090 ##$$a 2x0.32, Jin t =100 ##$$a Jindan, Khaled Ibrahim =245 1#$$a Teori pemerintah Islam menurut Ibnu Taimiyah /$c Khalid Ibrahim Jindan =260 ##$$a Jakarta :$b Rineka Cipta,$c 1994 =650 #4$$a Islam-Politik =020 ##$$a 979-518-557-8 =084 ##$$a 2x0.32 JIN t =250 ##$$a cet. 1 =300 ##$$a xxii, 139 hlm. ; $c 20 x 14 cm. =990 ##$$a 76.160/Pro-94